| 000 | 01011cam a2200313 i 4500 | ||
|---|---|---|---|
| 003 | EG-GICUC | ||
| 005 | 20260122120041.0 | ||
| 008 | 711012s1966 mau fr 000 0 eng d | ||
| 040 |
_aDLC _cDLC _dDLC _dEG-GICUC _beng _erda |
||
| 050 | 0 | 0 |
_aJX1977 _b.C554 1966 |
| 082 | 0 | 4 |
_221 _a341.23 |
| 092 | 0 | 4 | _221 |
| 099 | _aLaw 11 1966 | ||
| 100 | 1 |
_aClark, Grenville, _d1882- |
|
| 245 | 1 | 0 |
_aWorld peace through world law; _btwo alternative plans, _cby Grenville Clark and Louis B. Sohn. |
| 250 | _a3rd edition enlarged. | ||
| 264 |
_aCambridge, _bHarvard University Press, _c1966. |
||
| 300 |
_aliv, 535 pages ; _c26 cm. |
||
| 336 |
_atext _2rdacontent |
||
| 337 |
_aComputer _2rdamedia |
||
| 338 |
_aOnline Resource _2rdacarrier |
||
| 500 | _aIncludes index. | ||
| 610 | 2 | 0 |
_aUnited Nations. _tCharter _xAmendments. |
| 650 | 1 | 0 | _aInternational law. |
| 700 | 1 |
_aSohn, Louis B., _ejoint author. |
|
| 856 | 4 | 0 | _uhttps://fll.law.cu.edu.eg/fulltext/bks/ENGB11-00093.pdf |
| 905 | _a10 | ||
| 942 |
_2ddc _cBK _e21 _n0 |
||
| 999 |
_c58639 _d58639 |
||